| 000 | 01052cas a2200277 4500 | ||
|---|---|---|---|
| 001 | 000001911437 | ||
| 005 | 20240305165350.0 | ||
| 007 | cr|||| |||| | ||
| 008 | 751101u19629999nyuar i0 a0eng | ||
| 022 | _a0082-8297 | ||
| 035 | _a6024 | ||
| 040 | _dvLex | ||
| 090 |
_c2765 _d2765 |
||
| 110 | 2 | _aUnited Nations. | |
| 245 | 1 | 0 |
_aUnited Nations juridical yearbook. _h[Recurso electrónico] |
| 256 | _aServicio en línea | ||
| 260 |
_aNew York, _bUnited Nations. |
||
| 300 | _a1 recurso electrónico | ||
| 362 | 0 | _a1962- | |
| 490 | 1 | _a[Document] - United Nations ST/LEG/Ser. C | |
| 506 | 1 |
_aContenido solo disponible en los productos indicados _dvLex Global _dvLex Global (Academic Edition, excluding Law Schools) _dvLex Global (U.S. Academic Edition, Law Schools) _dvLex Global (U.S. Academic Edition, excluding Law Schools) _dvLex Global (Academic Edition, Law Schools) |
|
| 650 | 0 |
_aUnited Nations _xPeriodicals. |
|
| 740 | 0 | _avLex Revistas (Servicio en línea) | |
| 856 | 4 | 0 | _uhttps://app.vlex.com/#/sources/6024 |
| 942 | _cRAA | ||
| 999 |
_c161185 _d161185 |
||